| 000 | 00749cab a2200241 4500 | ||
|---|---|---|---|
| 001 | ABS27053 | ||
| 008 | 090401t1980 xxu||||| |||| 00| 0 eng d | ||
| 035 | _a(Sirsi) u40378 | ||
| 041 | _aeng | ||
| 100 | _aPomfret, D.E. | ||
| 245 | _aQS opportunities in the USA. Bills begin to come into their own | ||
| 260 | _c1980 | ||
| 350 | _a0 | ||
| 490 |
_aChartered Quantity Surveyor _v3(1) August 1980, 29-30(2) |
||
| 520 | _aA summary of advice prepared by a Florida-based QS for British QSs interested in working in the USA. | ||
| 650 | _aCONTRACTUAL ARRANGEMENTS | ||
| 650 | _aQUANTITY SURVEYORS | ||
| 650 | _aUNITED STATES | ||
| 690 | _aOVERSEAS-NORTH AMERICA | ||
| 690 |
_aQuantity surveying _96263 |
||
| 942 | _n0 | ||
| 948 | _c04/03/1997 | ||
| 999 |
_c25875 _d25875 |
||